00944nam a2200229 a 4500008004100000020001500041041000800056100001900064245009100083250001100174260004400185300001200229500013800241653002400379653009300403653002600496653006400522653003700586653004100623653001500664653003500679200218e2005 sp ||||| |||| 00| 0 spa d a8449421772 aspa1 aFerri, Fred F. aConsultor clínico.bDiagnóstico y tratamiento en medicina interna /cFred F. Ferri a1a ed. aBarcelona:bHarcourt ; Océano;c2005. a1108 p. aFerri, F. F. (2005). Consultor clínico. Diagnóstico y tratamiento en medicina interna. (1a ed.). Barcelona : Océano ; Harcourt. aTerminos clínicos aDiagnóstico diferencial, etiología y clasificación de signos y sintomas habituales aAlgoritmos clínicos aPruebas de laboratorio e interpretación de los resultados aServicios preventivos clínicos aRevisión de la literatura médica aFármacos aHechos y fórmulas esenciales